organic chemistry (Record no. 41667)
[ view plain ]
| 000 -LEADER | |
|---|---|
| fixed length control field | 00261nam a2200121Ia 4500 |
| 008 - FIXED-LENGTH DATA ELEMENTS--GENERAL INFORMATION | |
| fixed length control field | 230217s9999 xx 000 0 und d |
| 020 ## - INTERNATIONAL STANDARD BOOK NUMBER | |
| International Standard Book Number | 9788131704813 |
| 100 ## - MAIN ENTRY--PERSONAL NAME | |
| Personal name | morrison |
| 245 #0 - TITLE STATEMENT | |
| Title | organic chemistry |
| 260 ## - PUBLICATION, DISTRIBUTION, ETC. | |
| Name of publisher, distributor, etc. | pearson |
| 300 ## - PHYSICAL DESCRIPTION | |
| Extent | 1472 |
| 942 ## - ADDED ENTRY ELEMENTS (KOHA) | |
| Koha item type | Book |
| Withdrawn status | Lost status | Damaged status | Not for loan | Collection code | Permanent Location | Current Location | Shelving location | Date acquired | Cost, normal purchase price | Full call number | Barcode | Date last seen | Price effective from | Koha item type | Total Checkouts | Checked out | Date last checked out |
|---|---|---|---|---|---|---|---|---|---|---|---|---|---|---|---|---|---|
| Maharishi School of Pharmaceutical Science (Lucknow) | Central Library, MUIT, Lucknow | R6S4 | 2023-02-17 | 1195.00 | 615.3 MOR-O | SOPH3713 | 2026-03-18 | 2023-02-17 | Book | 4 | 2026-04-02 | 2026-03-18 | |||||
| Maharishi School of Pharmaceutical Science (Lucknow) | Maharishi School of Pharmaceutical Science (Lucknow) | R1S1 | 2023-02-17 | 1195.00 | 615.3 | SOPH3712 | 2023-02-17 | 2023-02-17 | Reference Book |